[Event "RUS-chT Rapid Men 2018"]
[Site "Sochi"]
[Date "2018.10.08"]
[Round "2"]
[White "Artemiev, Vladislav"]
[Black "Chigaev, Maksim"]
[Result "1/2-1/2"]
[WhiteElo "2706"]
[BlackElo "2599"]
[Annotator "TA"]
[PlyCount "118"]
[EventDate "2018.10.05"]
[EventType "swiss"]
[EventCountry "RUS"]
[SourceTitle "playchess.com"]
[Source "ChessBase"]
[SourceQuality "1"]

{[%evp 9,118,8,8,-2,0,-8,0,-23,0,0,0,-1,0,0,0,0,43,44,28,26,39,46,33,33,28,28,28,31,38,44,33,19,26,33,42,23,54,29,36,22,22,22,24,34,14,0,0,0,18,0,20,23,21,15,16,0,0,0,0,0,0,0,0,0,0,0,0,0,0,0,0,0,0,0,0,0,0,0,0,0,0,0,0,0,0,0,0,0,0,0,0,0,0,0,0,0,0,0,0,0,0,0,0,0,0,0,0,0,0,0,0]} 1. e4 c5 2. Nf3 e6 3. d4 cxd4 4. Qxd4 Nc6 5. Qe3 (5. Qd3 Nf6 6. Nc3 Bb4 7. Bd2 O-O 8. Be2 d5 9. exd5 exd5 10. O-O h6 11. Rfe1 Be6 12. Bf1 {0-1 (46) Aronian,L (2764)-Caruana,F (2822) Stavanger 2018}) 5... Nf6 6. Be2 {B40: Sizilianisch (Klassisches System mit e7-e6)} d5 7. exd5 Nxd5 8. Qb3 Bc5 $146 ({Vorgänger:} 8... Bb4+ 9. c3 Bc5 10. O-O O-O 11. c4 Nde7 12. Nc3 Nf5 {½-½ (26) Reiher (2012)-Nyffeler,H (2032) GER email 2010}) 9. O-O O-O 10. Rd1 {[#] Und weiter mit c4 wäre nett.} Qc7 11. Nc3 Nxc3 12. Qxc3 Qb6 13. Be3 Bxe3 14. fxe3 Ne7 15. Kf2 Nd5 16. Qd4 Qc7 17. e4 Nf4 18. Qd6 Qxd6 19. Rxd6 Nxe2 20. Kxe2 b6 21. Ke3 Bb7 22. Rad1 h6 23. c4 Rfc8 24. b3 Bc6 25. g4 Kf8 26. h4 Ke7 27. g5 hxg5 28. hxg5 Be8 29. Kf4 f6 30. e5 Rc5 31. gxf6+ {Die Stellung ist ausgeglichen.} gxf6 32. exf6+ Kxf6 33. R1d5 {[#] Txc5 ist eine echte Drohung.} Ke7 34. Rxc5 Kxd6 $11 {[%mdl 4096] Endspiel KTL-KTS} 35. Rg5 Bc6 {Droht stark ...Tf8+.} 36. Nd4 Rf8+ 37. Ke3 Bd7 38. b4 Rc8 39. Kd3 e5 40. Nc2 Be6 41. Ne3 Rf8 42. Rg6 Rf4 43. a4 Ke7 44. Rg7+ Rf7 45. Rg5 Kd6 46. Rg8 Rf3 47. Rg6 Rf4 48. Rh6 Ke7 49. Rh7+ Rf7 50. Rh8 Rf4 51. Ra8 Rd4+ 52. Kc3 Re4 53. Kd2 Rd4+ 54. Kc3 Re4 55. Rxa7+ Kd6 56. Kd2 Rd4+ 57. Ke1 Re4 58. Kf2 Rf4+ 59. Kg3 {Weiss will Ta6 spielen.} Re4 {Precision: Weiß = 74%, Schwarz = 81%.} 1/2-1/2

[Event "RUS-chT Rapid Men 2018"]
[Site "Sochi"]
[Date "2018.10.08"]
[Round "2"]
[White "Motylev, Alexander"]
[Black "Kozionov, Kirill"]
[Result "1-0"]
[WhiteElo "2661"]
[BlackElo "2458"]
[Annotator "TA"]
[PlyCount "123"]
[EventDate "2018.10.05"]
[EventType "swiss"]
[EventCountry "RUS"]
[SourceTitle "playchess.com"]
[Source "ChessBase"]
[SourceQuality "1"]

{[%evp 20,122,42,63,97,102,127,91,130,129,136,91,92,96,107,107,80,83,72,81,120,89,130,132,128,128,128,120,136,138,272,300,293,221,445,429,415,427,372,277,335,309,277,281,438,457,460,460,485,481,606,488,763,775,1933,1790,4714,840,815,806,845,841,876,847,841,449,895,879,1142,1104,1186,449,441,441,413,344,982,983,683,630,29972,29973,29977,29978,29983,29938,29989,29990,29990,29984,29992,1117,5583,4443,29989,29990,29990,29991,29991,29992,29997,29998,29998,29999,29999]} 1. e4 c5 2. Nf3 d6 3. d4 cxd4 4. Nxd4 Nf6 5. Nc3 a6 6. Be2 Nbd7 7. Be3 e6 8. g4 h6 {B84: Sicilian Scheveningen: 6 Be2 a6, lines without early Be3} 9. f4 (9. Qd2 b5 10. a3 Qc7 11. O-O-O Ne5 12. f3 Rb8 13. Ndxb5 axb5 14. Nxb5 Qb7 15. Ba7 Ra8 16. Nxd6+ Bxd6 17. Qxd6 {1-0 (35) Eljanov,P (2711)-Inarkiev,E (2689) Riadh 2017}) 9... g5 10. fxg5 hxg5 11. Bxg5 {LiveBook: 8 Games} Rh3 12. Qd2 $1 b5 13. Bf1 Rh8 $146 ({Predecessor:} 13... Rh7 14. a3 Bb7 15. Bg2 Be7 16. Qe2 {0-1 (46) Krejci,J (2305)-Plischki,S (2402) Ceska Trebova 2008}) 14. Bg2 {aiming for e5!} Ne5 15. h3 Bb7 16. Rf1 Be7 17. Qf2 {[%cal Rg5f6]} Nfd7 18. Bxe7 Qxe7 19. O-O-O Rc8 20. Nce2 {[%cal Bc3e2,Be2f4,Bf4h5,Bh5f6][%mdl 32]} Nc5 {[#]} 21. Kb1 $1 Nxe4 22. Bxe4 Bxe4 23. Nf4 d5 24. Nh5 Bg6 {[#]} (24... f5 $16) 25. Nf6+ $1 $18 Kd8 26. h4 {[%cal Bh3h4,Bh4h5][%mdl 32] Hoping for h5.} Nc4 $2 (26... Nd7 {was worth a try.}) 27. h5 Bh7 28. Ka1 Kc7 29. b3 ({Weaker is} 29. Nxh7 Rxh7 30. Nb3 Kb8 $14) 29... Nb6 30. g5 (30. Nxh7 Rxh7 31. Qe3 Kb7 $16) 30... Kb7 31. Rde1 Qc5 {[#]} (31... Qc7 $142 32. Nxh7 Rxh7) 32. g6 $1 {[%mdl 512]} fxg6 33. Nxh7 ({Less strong is} 33. h6 g5 $18) 33... Rxh7 34. hxg6 Rd7 35. Rxe6 Qc3+ (35... Rdc7 $142 36. Qe3 Rg7) 36. Kb1 Nc4 37. bxc4 dxc4 38. Qf3+ Qxf3 39. Nxf3 Rf8 40. Kb2 b4 41. a3 a5 42. Re4 Rc7 (42... Rg7 $142 43. Rg4 Rf5 44. axb4 axb4) 43. Rg4 Rg7 44. axb4 axb4 45. Rxc4 (45. Rgg1 $142 Kc7 46. c3) 45... Rxg6 46. Rxb4+ Kc7 47. Nd2 Rh8 $2 (47... Rxf1 48. Nxf1 Re6) 48. Rf7+ Kc6 49. Nf3 {Black must now prevent Ne5+.} Rg2 50. Rf6+ Kc5 51. Re4 Rh5 52. Ne1 Rg8 53. Nd3+ Kd5 54. Rb4 Rh2 55. Rf5+ (55. Rb5+ $142 Kc4 56. Rc5+ Kd4 57. Rf4+ Ke3 58. Re5+ Kd2 59. Rd4 Re2 60. Nf4+ Ke1 61. Rxe2+ Kf1 62. Rd1#) 55... Kd6 56. Rd4+ Kc6 57. Rc5+ {White mates.} Kb6 58. Rb4+ Ka6 59. Rc3 {[%cal Rc3a3]} Rg5 60. Ra3+ Ra5 61. Nc5+ Ka7 62. Rxa5# {Precision: White = 78%, Black = 34%.} 1-0

[Event "RUS-chT Rapid Men 2018"]
[Site "Sochi"]
[Date "2018.10.08"]
[Round "2"]
[White "Morozevich, Alexander"]
[Black "Bocharov, Dmitry"]
[Result "1-0"]
[WhiteElo "2656"]
[BlackElo "2557"]
[Annotator "TA"]
[PlyCount "87"]
[EventDate "2018.10.05"]
[EventType "swiss"]
[EventCountry "RUS"]
[SourceTitle "playchess.com"]
[Source "ChessBase"]
[SourceQuality "1"]

{[%evp 16,87,-47,-75,-23,-35,-35,-40,-55,-43,107,48,9,0,87,89,100,93,181,103,68,97,207,110,110,98,112,69,176,188,182,183,176,162,228,275,292,291,268,260,260,273,255,259,553,552,462,322,289,243,578,400,612,527,483,429,570,550,544,387,543,516,479,339,299,314,422,381,1120,1057,29980,29981,29981,29981]} 1. e4 c6 2. d4 d5 3. e5 Bf5 4. h4 h5 5. Bg5 (5. c4 e6 6. Nc3 Ne7 7. Nge2 Bg4 8. Bg5 Qb6 9. c5 Qc7 10. f3 Bf5 11. Ng3 f6 12. Bf4 Nd7 13. exf6 Qxf4 14. Nce2 Qh6 15. fxe7 Bxe7 16. Nxf5 exf5 {½-½ (27) Sutovsky,E (2647)-Artemiev,V (2704) Poikovsky 2018}) 5... Qb6 6. Bd3 {B12: Caro-Kann: Advance Variation} Qxd4 7. Nf3 Qg4 8. Bxf5 Qxf5 9. O-O {LiveBook: 3 Games} Qd7 (9... f6 $17 10. exf6 gxf6) 10. e6 $146 ({Predecessor:} 10. c4 e6 11. Nc3 Ne7 12. Qe2 Nf5 {1-0 (39) Barbosa,E (2461)-Molina,R (2424) Joao Pessoa 2013}) 10... Qxe6 11. Re1 Qd6 12. c4 $1 f6 (12... e6 $15) 13. Qb3 (13. Nc3 $16) 13... Nd7 $1 $14 14. Be3 {Threatens to win with Nc3.} (14. Qxb7 $2 Rb8 $19) 14... e6 (14... O-O-O $11 {keeps the balance.}) 15. Qxb7 $16 Rb8 16. Qxa7 Rxb2 (16... e5 $16) 17. Nc3 ({White should play} 17. Bd4 $18 Rb4 18. a3 Rxc4 19. Nbd2) 17... Ne7 18. Bc1 {[%mdl 1024] White has compensation.} Rc2 (18... Rb6 $16) 19. Ba3 (19. cxd5 $1 $18 Qb8 20. Qxb8+ Nxb8 21. dxe6 (21. Rxe6 Kf7 $11)) 19... Qb8 {[#]} 20. Qe3 $1 e5 21. Qd3 $36 {[%mdl 2048] White has some pressure.} Rxc3 (21... Rxf2 $1 $14 22. Bxe7 Qb6) 22. Qxc3 $18 d4 {[#]} 23. Nxd4 $1 {[%mdl 512]} exd4 24. Qxd4 {Black must now prevent Bd6.} c5 (24... Qb6 $142 25. Qe4 Ne5) 25. Bxc5 Nxc5 26. Qxc5 Kf7 27. Rad1 Kg6 {If Black can now play ...Nf5 this consolidates a bit.} 28. Rxe7 Bxe7 29. Qxe7 {[%mdl 4096] Endgame KQR-KQR} Qf4 $2 (29... Re8 30. Qa3 Qf4) 30. Rd3 {aiming for Rg3+.} ({Inferior is} 30. Rd7 Qc1+ 31. Kh2 Qf4+ 32. Kh1 Qc1+ 33. Kh2 Qf4+ 34. Kh1 Qc1+ 35. Kh2 $11) 30... Kh7 31. c5 Rb8 {( -> ...Rb1+)} 32. g3 Qf5 $2 (32... Qc1+ {is a better chance.} 33. Kg2 Rb1 34. Qe4+ Kh6 35. Qf4+ Qxf4 36. gxf4 Rc1) 33. Qe3 Rb2 (33... Rc8 $142 34. Rc3 Rc6) 34. Rc3 Qd5 35. Rc1 Qc6 36. Qd3+ Kh6 37. a3 Ra2 (37... Rb7 {was necessary.} 38. a4 Rf7) 38. Qb3 Re2 39. Qc4 Re4 40. Qd3 g5 41. hxg5+ fxg5 $2 (41... Kxg5 42. a4 h4) 42. Rb1 h4 43. Rb6 Re1+ 44. Qf1 $1 {Precision: White = 67%, Black = 28%.} (44. Kh2 $2 {gets mated.} Rh1#) 1-0

[Event "RUS-chT Rapid Men 2018"]
[Site "Sochi"]
[Date "2018.10.08"]
[Round "2"]
[White "Paravyan, David"]
[Black "Moiseenko, Vadim"]
[Result "1/2-1/2"]
[WhiteElo "2629"]
[BlackElo "2492"]
[Annotator "RC"]
[PlyCount "91"]
[EventDate "2018.10.05"]
[EventType "swiss"]
[EventCountry "RUS"]
[SourceTitle "playchess.com"]
[Source "ChessBase"]
[SourceQuality "1"]
[TimeControl "900+10"]

1. d4 {[%emt 0:00:00]} e6 {[%emt 0:00:00]} 2. e4 {[%emt 0:00:00]} d5 {[%emt 0:00:00]} 3. exd5 {[%emt 0:00:00]} exd5 {[%emt 0:00:00]} 4. Bb5+ {[%emt 0:00:00]} c6 {[%emt 0:00:57]} 5. Bd3 {[%emt 0:00:00]} Bd6 {[%emt 0:00:07]} 6. Nf3 {[%emt 0:00:00]} Nf6 {[%emt 0:00:12]} 7. Qe2+ {[%emt 0:00:00]} Qe7 {[%emt 0:00:07]} 8. Qxe7+ {[%emt 0:00:01]} Kxe7 {[%emt 0:00:07]} 9. O-O {[%emt 0:00:03]} Re8 {[%emt 0:00:32]} 10. Re1+ {[%emt 0:00:02]} Kf8 {[%emt 0:00:03]} 11. Rxe8+ {[%emt 0:00:02]} Kxe8 {[%emt 0:00:19]} 12. Nc3 {[%emt 0:00:11]} h6 {[%emt 0:01:02]} 13. Ne2 {[%emt 0:00:20]} Bg4 {[%emt 0:00:06]} 14. Ne5 {[%emt 0:00:05]} Bxe2 {[%emt 0:00:45]} 15. Bxe2 {[%emt 0:00:01]} Nbd7 {[%emt 0:00:01]} 16. Bf4 {[%emt 0:00:23]} g5 {[%emt 0:00:33]} 17. Nxd7 {[%emt 0:01:39]} Kxd7 {[%emt 0:00:03]} 18. Be3 {[%emt 0:00:01]} Re8 {[%emt 0:00:20]} 19. Bd3 {[%emt 0:00:01]} Kc7 {[%emt 0:02:10]} 20. g3 {[%emt 0:01:02]} Ne4 {[%emt 0:01:36]} 21. g4 {[%emt 0:00:02]} Nf6 {[%emt 0:01:08]} 22. h3 {[%emt 0:00:01]} Nd7 {[%emt 0:00:13]} 23. Kg2 {[%emt 0:00:21]} Nf8 {[%emt 0:00:08]} 24. h4 {[%emt 0:00:02]} Ne6 {[%emt 0:00:03]} 25. Bf5 {[%emt 0:01:58]} Ng7 {[%emt 0:00:27]} 26. hxg5 {[%emt 0:00:52]} Nxf5 {[%emt 0:00:16]} 27. gxf5 {[%emt 0:00:01]} hxg5 {[%emt 0:00:01]} 28. Rh1 {[%emt 0:00:01]} f6 {[%emt 0:00:26]} 29. Rh7+ {[%emt 0:01:21]} Re7 {[%emt 0:01:50]} 30. Rh6 {[%emt 0:00:02]} Rf7 {[%emt 0:00:10]} 31. Kf3 {[%emt 0:00:00]} Be7 {[%emt 0:01:10]} 32. Kg4 {[%emt 0:00:04]} Kd7 {[%emt 0:00:05]} 33. Rh8 {[%emt 0:00:50]} Bd8 {[%emt 0:00:14]} 34. Kh5 {[%emt 0:00:05]} Re7 {[%emt 0:00:12]} 35. Kg6 {[%emt 0:00:07]} Re4 {[%emt 0:00:09]} 36. c3 {[%emt 0:01:36]} Rh4 {[%emt 0:01:40]} 37. Rxd8+ {[%emt 0:03:49]} Kxd8 {[%emt 0:00:01]} 38. Kxf6 {[%emt 0:00:01]} Ke8 {[%emt 0:00:01]} 39. Bxg5 {[%emt 0:01:32]} Rh2 {[%emt 0:00:43]} 40. f4 {[%emt 0:00:03]} Kf8 {[%emt 0:00:41]} 41. Kg6 {[%emt 0:00:23]} Rxb2 {[%emt 0:00:15]} 42. f6 {[%emt 0:00:02]} Rg2 {[%emt 0:00:49]} 43. f7 {[%emt 0:00:05]} b6 {[%emt 0:00:25]} 44. Kf6 {[%emt 0:01:50]} Rh2 {[%emt 0:00:01]} 45. Ke6 {[%emt 0:00:04]} Re2+ {[%emt 0:00:02]} 46. Kf6 {[%emt 0:00:01]} 1/2-1/2

[Event "RUS-chT Rapid Men 2018"]
[Site "Sochi"]
[Date "2018.10.08"]
[Round "2"]
[White "Ponkratov, Pavel"]
[Black "Triapishko, Alexandr"]
[Result "1-0"]
[WhiteElo "2628"]
[BlackElo "2508"]
[Annotator "TA"]
[PlyCount "97"]
[EventDate "2018.10.05"]
[EventType "swiss"]
[EventCountry "RUS"]
[SourceTitle "playchess.com"]
[Source "ChessBase"]
[SourceQuality "1"]

{[%evp 15,97,45,45,22,43,46,57,41,64,54,49,-81,-85,-121,-128,-110,-110,-131,-134,-117,-114,-188,-165,-210,-99,-110,100,92,139,2,0,3,98,100,105,105,107,107,107,107,107,107,127,127,125,127,190,120,191,189,194,188,175,120,128,125,120,120,119,114,192,188,441,441,526,516,500,497,479,441,552,436,818,628,622,553,12832,12830,12831,12834,12839,12836,12839,12839]} 1. e4 e5 2. Nf3 Nc6 3. Bb5 a6 4. Ba4 d6 5. Bxc6+ bxc6 6. d4 Nf6 7. O-O exd4 8. Nxd4 c5 {LiveBook: 19 Games} 9. Nf5 {C79: Ruy Lopez: Steinitz-type lines with 3...a6 4 Ba4 Nf6 5 0-0 d6} g6 $146 ({Predecessor:} 9... Bxf5 10. exf5 Be7 11. c4 O-O 12. Nc3 Nd7 13. Bd2 Bf6 14. Qh5 Re8 15. Rae1 Bd4 16. b3 h6 {1-0 (49) Kotronias,V (2580)-Tomashevsky,E (2719) Legnica 2013}) 10. Nh6 Bb7 11. Nc3 {White is slightly better.} Bg7 12. Re1 {And now Qf3 would win.} Nd7 13. e5 (13. Nd5 $14 {stays ahead.}) 13... dxe5 $17 14. Qd3 Qe7 15. Nd5 Qd6 16. c4 Bxd5 17. cxd5 f5 18. Qg3 (18. Bg5 $17) 18... Bf6 ({Don't take} 18... Qxd5 19. Qc3 $17) 19. Qh3 Kf8 (19... Qxd5 $19 {and Black stays clearly on top.} 20. g4 e4) 20. Bd2 e4 $2 {[#]} ({But not} 20... Qxd5 21. Rad1 $11) (20... Rd8 $17 21. Rad1 Re8) 21. Nxf5 $1 $16 {[%mdl 512]} Qxd5 (21... gxf5 22. Qxf5) 22. Bh6+ (22. Ng3 $16) 22... Kf7 $1 $11 23. Ng3 Rae8 {[#]} (23... Bxb2 $11 24. Rad1 Bd4) 24. Nxe4 $1 $16 {[%mdl 512]} Rxe4 25. Rxe4 Qxe4 26. Qxd7+ Qe7 27. Qd5+ Qe6 28. Qxc5 Rd8 29. Qxc7+ Rd7 30. Qc2 Qf5 (30... Rb7 $16 31. Rd1 Bxb2) 31. Qb3+ (31. Qc4+ $18 Qe6 32. Qf4) 31... Qe6 (31... Qd5 $16) 32. Qxe6+ $1 $18 Kxe6 {[%mdl 4096] Endgame KRB-KRB} 33. Re1+ Kf5 {[#]} 34. Bc1 (34. b3 $1 $18) 34... Rc7 $16 35. h3 {[%csl Gh3][%cal Rg2g4]} h5 36. b3 Rc2 37. a4 g5 (37... Rc3 $16) 38. Rd1 $18 Rc3 $2 {[#]} (38... a5 {might work better.} 39. Be3 Ke4) 39. Bb2 $1 {White is clearly winning.} Rxb3 40. Bxf6 Kxf6 {KR-KR} 41. Rd6+ Kf5 42. Rxa6 Rb1+ 43. Kh2 Rb2 (43... h4 $142 44. a5 Rb8) 44. Ra5+ Kg6 {[#]} 45. h4 $1 gxh4 46. f3 Rb1 47. Ra8 Kg7 48. a5 {[%cal Ba4a5,Ba5a6][%mdl 32]} Ra1 49. a6 {Precision: White = 60%, Black = 31%.} 1-0

[Event "RUS-chT Rapid Men 2018"]
[Site "Sochi"]
[Date "2018.10.08"]
[Round "2"]
[White "Grachev, Boris"]
[Black "Kryakvin, Dmitry"]
[Result "1/2-1/2"]
[WhiteElo "2626"]
[BlackElo "2595"]
[Annotator "TA"]
[PlyCount "69"]
[EventDate "2018.10.05"]
[EventType "swiss"]
[EventCountry "RUS"]
[SourceTitle "playchess.com"]
[Source "ChessBase"]
[SourceQuality "1"]

{[%evp 19,69,-12,-10,-16,-25,-14,-10,-10,-14,-27,-10,-12,0,-21,19,0,38,0,0,0,43,25,25,43,62,0,8,0,0,0,0,0,17,0,0,0,0,0,0,0,0,0,0,0,0,0,0,0,0,0,0,0]} 1. Nf3 Nf6 2. e3 g6 3. b3 Bg7 4. Bb2 O-O 5. Be2 c5 6. O-O d5 7. c4 d4 {A30: Symmetrical English: Double Fianchetto and Hedgehog} (7... dxc4 8. bxc4 Nc6 9. d3 b6 10. Nc3 Bb7 11. Rb1 e6 12. Qc2 Qe7 13. Nd2 Rfd8 14. a3 Ne8 15. f4 Nd6 16. Nce4 Nxe4 17. Nxe4 {0-1 (35) Kryvoruchko,Y (2710)-Anand,V (2803) Berlin 2015}) 8. exd4 Nh5 9. Ne5 cxd4 10. Bxh5 Bxe5 {LiveBook: 3 Games} 11. Bf3 Nc6 12. d3 Qc7 13. h3 Bf5 {[#]} 14. a3 $146 ({Predecessor:} 14. Qe2 Rfe8 15. Re1 {0-1 (46) Leiber,B (2567)-Staudler,H (2593) ICCF corr 1999}) 14... a5 15. Qe2 Rad8 16. Nd2 Bf4 17. Rfe1 Qb6 18. Ne4 Qxb3 19. Reb1 {[#] And now Bc1 would win.} Qb6 (19... Ne5 $5 {[%cal Rb3d3]} 20. g4 Nxf3+ 21. Qxf3 Bxe4 22. Qxe4 e5 $11) 20. Bc1 Qc7 21. Bxf4 Qxf4 22. Rxb7 (22. Nc5 $14) 22... Rb8 $1 $11 {[%cal Rb8b7] The position is equal.} 23. g3 Qe5 24. Rab1 Rxb7 25. Rxb7 Rb8 26. Rxb8+ Qxb8 27. g4 Bc8 28. Nf6+ exf6 29. Qe8+ Kg7 {[#] ...Ne5 is the strong threat.} 30. Bxc6 {Threatens to win with Bd5.} Qb1+ $1 31. Kg2 $1 Be6 32. Be4 f5 33. gxf5 gxf5 34. Qd8 fxe4 35. Qg5+ {Precision: White = 66%, Black = 67%.} 1/2-1/2

[Event "RUS-chT Rapid Men 2018"]
[Site "Sochi"]
[Date "2018.10.08"]
[Round "2"]
[White "Alekseev, Evgeny"]
[Black "Sergeyev, Alexander"]
[Result "1-0"]
[WhiteElo "2620"]
[BlackElo "2397"]
[Annotator "TA"]
[PlyCount "107"]
[EventDate "2018.10.05"]
[EventType "swiss"]
[EventCountry "RUS"]
[SourceTitle "playchess.com"]
[Source "ChessBase"]
[SourceQuality "1"]

{[%evp 14,107,38,17,58,56,40,30,47,13,29,20,20,-18,-14,-19,-7,-30,-1,-10,0,0,0,0,4,0,5,5,12,7,18,0,0,0,0,0,4,0,2,-12,14,0,0,0,34,0,33,33,58,59,57,52,68,73,83,83,100,100,107,107,107,107,107,107,107,107,107,107,107,107,107,0,333,309,492,428,427,153,154,161,160,14,37,0,0,0,437,437,1914,1861,1871,1719,29983,29984,29984,29985]} 1. c4 c6 2. Nf3 d5 3. e3 Nf6 4. Nc3 g6 5. d4 Bg7 6. Be2 O-O 7. O-O b6 8. Qc2 {LiveBook: 16 Partien. D94: Grünfeldindisch (Geschlossenes System)} (8. a4 Bb7 9. a5 bxa5 10. Qa4 dxc4 11. Qxa5 Nbd7 12. Bxc4 c5 13. dxc5 Qc8 14. Ba6 Bxa6 15. Qxa6 Qxa6 16. Rxa6 Nxc5 {0-1 (69) Sevian,S (2620)-Li,C (2744) Tbilisi 2017}) 8... dxc4 9. Bxc4 Ba6 10. Qe2 $146 {Weiß steht etwas besser.} ({Vorgänger:} 10. Bxa6 Nxa6 11. Ne5 Qd6 12. f4 Nb4 13. Qb3 Nbd5 14. Nxd5 cxd5 15. Qd3 {0-1 (31) Skripkiunas,B-Zukauskas,P (1809) Vilnius 2012}) 10... Qc8 11. Bd2 Bxc4 12. Qxc4 Qa6 13. b3 Qxc4 14. bxc4 Nbd7 15. Rab1 Ne8 16. Ne4 Nd6 17. Nxd6 exd6 18. a4 Rfc8 19. Rfc1 f5 20. Kf1 h6 21. Rc2 Kf7 22. Ne1 Bf6 23. Nd3 g5 24. h3 h5 25. Bc1 h4 26. Ba3 Be7 27. Ke2 Rg8 28. Nb4 Rac8 29. d5 (29. a5 $5) 29... c5 (29... cxd5 {keeps more tension.} 30. cxd5 Rc5 31. Rcc1 Ra8 32. Nc6 Rxd5 33. Nd4 Nc5) 30. Nc6 Rc7 31. Nxe7 Kxe7 32. Bb2 a6 33. Bc3 Rb7 34. Rcb2 Rgb8 35. Kd3 Ne5+ 36. Bxe5 $1 dxe5 $16 {[%mdl 4096] Endspiel KTT-KTT} 37. e4 f4 38. Ke2 Kd6 39. Kf3 Kc7 40. Kg4 Kd6 41. Rb3 ({Ein No Go ist} 41. Kxg5 $6 Rg8+ 42. Kh6 Rh8+ 43. Kg6 Rg8+ 44. Kh6 Rh8+ 45. Kg6 Rg8+ 46. Kh6 $11) 41... Kc7 42. Kxg5 (42. Rc1 $16) 42... Rg8+ $2 {[%mdl 8192]} (42... b5 $1 $11 {und Schwarz ist OK.}) 43. Kf5 $18 (43. Kxh4 $2 {ist ein Selbstmatt.} Kc8 44. Rxb6 Rh7+ 45. Rh6 Rxh6#) 43... Rxg2 (43... b5 {war einen Versuch wert.} 44. Kxe5 b4 45. Kxf4 Rf8+ 46. Ke3 Rb6) 44. Kxe5 Rxf2 {[#]} 45. Ke6 $2 (45. a5 $1 $18 {[%mdl 512] und Weiss behält klar die Oberhand.}) 45... Re2 $16 {[#]} 46. e5 $1 {Und weiter mit a5! wäre nett.} Rb8 47. Kf6 (47. R3b2 $16 Re3 {[#]} 48. a5 $1 {[%mdl 512]}) 47... f3 $1 $11 {[%cal Rf3f2] und nun wäre ...f2 stark für Schwarz.} 48. e6 {Ke7 ist eine echte Drohung.} (48. R3b2 $5 {[%cal Rb2e2]} Re3 49. Rf2 $11) 48... f2 49. Rf1 {Schwarz muss nun Ke7 beachten.} Rf8+ $2 {[%mdl 8192]} (49... Rg8 $11 50. e7 Rg1) 50. Ke7 $18 Re1 (50... Rd8 $142 51. Rf3 Re4 52. R3xf2 Rd7+ 53. Kf8 Rd8+ 54. Kf7 Rh8) 51. Kxf8 Rxf1 52. Rf3 Kd6 53. e7 Re1 54. e8=Q {Precision: Weiß = 53%, Schwarz = 29%.} 1-0

[Event "RUS-chT Rapid Men 2018"]
[Site "Sochi"]
[Date "2018.10.08"]
[Round "2"]
[White "Indjic, Aleksandar"]
[Black "Khanin, Semen"]
[Result "1/2-1/2"]
[WhiteElo "2604"]
[BlackElo "2510"]
[Annotator "TA"]
[PlyCount "120"]
[EventDate "2018.10.05"]
[EventType "swiss"]
[EventCountry "RUS"]
[SourceTitle "playchess.com"]
[Source "ChessBase"]
[SourceQuality "1"]

{[%evp 9,120,25,26,20,35,33,38,32,33,23,25,27,24,21,27,27,16,18,26,10,35,7,0,0,6,10,7,-8,-8,-16,-11,-6,22,3,21,0,8,0,0,0,11,5,17,0,0,0,0,0,0,0,4,0,0,0,0,0,0,0,7,5,12,8,31,17,96,53,91,91,91,93,77,80,100,105,529,517,550,524,510,502,822,902,584,584,650,152,152,152,152,152,152,152,152,152,152,152,152,8,59,75,152,8,8,8,8,8,8,8,152,152,152,151,151]} 1. d4 Nf6 2. c4 e6 3. Nf3 a6 4. Bg5 d5 5. cxd5 exd5 6. Nc3 {E10: Blumenfeld Gambit} Be6 7. e3 Nbd7 8. h3 {White is slightly better.} Bd6 9. Bf4 $146 ({Predecessor:} 9. Bd3 c6 10. O-O Qc7 11. Qd2 O-O 12. Rfe1 Rfe8 13. Bf4 Nb6 14. Bxd6 Qxd6 {½-½ (68) Le,Q (2737)-Deac,B (2549) Caleta 2018}) 9... Qe7 10. Bxd6 Qxd6 11. Be2 O-O 12. O-O h6 13. Qc2 Rfe8 14. Rfd1 c6 15. Bf1 Ne4 16. Nxe4 dxe4 17. Nd2 Bd5 18. Nb1 f5 19. Nc3 Nf6 20. Nxd5 cxd5 21. Rac1 Qd7 22. Qc7 {White wants to play Qxd7.} Rac8 23. Qxd7 Nxd7 24. g4 g6 25. Kg2 Kf7 26. Be2 Kf6 27. Kg3 Nf8 28. Rc5 Rxc5 29. dxc5 $11 {[%mdl 4096] Endgame KRB-KRN} Ke5 30. f4+ exf3 $1 31. Bxf3 Rd8 $1 32. gxf5 gxf5 33. b4 Ne6 34. h4 Rd7 35. Kf2 f4 36. Re1 {Black must now prevent exf4+.} Ng7 (36... Kf5 $11 {keeps the balance.}) 37. a4 fxe3+ 38. Kxe3 ({Much worse is} 38. Rxe3+ Kd4 $15) 38... Nf5+ 39. Kd3+ Kf4 {[#]} 40. Rf1 $1 Ne3 41. Rf2 Kg3 $2 {[%mdl 8192]} (41... Ng4 $16 {is tougher.} 42. Bxg4+ Kxg4) 42. Kxe3 $18 {KRB-KR} Re7+ 43. Kd4 Kxf2 44. Bxd5 {KR-KB} Rg7 (44... Kg3 $142 45. b5 axb5 46. axb5 Kf4) 45. b5 axb5 46. axb5 Rg4+ 47. Ke5 $2 (47. Kd3 $18) 47... Rg7 $16 48. b6 Ke3 49. h5 Kd3 50. c6 bxc6 51. Bxc6 Rg8 {intending ...Rd8.} 52. b7 {[%mdl 1024] White has strong compensation.} Rb8 53. Kf6 (53. Kd6 $16) 53... Kd4 $1 $11 54. Bg2 Rd8 {[#]} ({Black should try} 54... Kc5) 55. Bh3 ({White has to play} 55. Ke7 $1 $16 {[%cal Re7d8]} Rb8 56. Kd6) 55... Rd6+ $1 56. Ke7 Rb6 57. Bg2 Ke5 58. Kd7 Kf6 (58... Kf5 $11) 59. Kc7 $16 Rxb7+ 60. Kxb7 Ke5 {Precision: White = 58%, Black = 51%.} 1/2-1/2